[Event "Timbo op 3rd"]
[Site "Timbo"]
[Date "2023.11.04"]
[Round "4"]
[White "Volkmann, Andre Jordi"]
[Black "Dos Santos, Wellington Carlos"]
[Result "1-0"]
[WhiteElo "2092"]
[BlackElo "1483"]
[PlyCount "55"]
[EventDate "2023.11.03"]
[EventType "swiss"]
[EventRounds "6"]
[EventCountry "BRA"]
[SourceTitle "CBM 217 Extra"]
[Source "ChessBase"]
[SourceDate "2024.01.31"]
[SourceVersion "1"]
[SourceVersionDate "2024.01.31"]
[SourceQuality "1"]

1. b4 d5 2. Bb2 Nf6 3. e3 Bf5 4. Nf3 e6 5. a3 Nbd7 6. c4 c6 7. Be2 Bd6 8. Nh4 Bg6 9. d4 Ne4 10. Nxg6 hxg6 11. h3 f5 12. Nd2 Ndf6 13. Bf3 g5 14. Nxe4 dxe4 15. Be2 g4 16. Qa4 g3 17. f3 exf3 18. Bxf3 Ng4 19. Ke2 Nf2 20. Rhf1 f4 21. e4 Be5 22. Rxf2 Bxd4 23. Rd1 gxf2 24. Rxd4 Qh4 25. Qa5 0-0 26. Rd7 Rf7 27. Rxf7 Kxf7 28. Qc7+ 1-0